00369nam a22001097a 4500082001600000100006600016245006600082250002000148260005000168300000700218650003400225 a574.192 IND aTraining Seminar on Industrial Applications of Biotechnology  aTraining Seminar on Industrial Applications of Biotechnology  aSeminar Reports aColombobInstitiute of Chemistry Ceylonc2006 a45 aBiochemistryaseminar reports